[Event "SK Neuburg 1-TV Tegernsee 1"]
[Site "?"]
[Date "2025.04.06"]
[Round "9.2"]
[White "Wurzel, Andre"]
[Black "Shen, Tingrui"]
[Result "1/2-1/2"]
[WhiteElo "2105"]
[BlackElo "2123"]
[Annotator "Stockfish 17"]
[PlyCount "70"]
[EventDate "2025.??.??"]
[WhiteTeam "SK Neuburg 1"]
[BlackTeam "TV Tegernsee 1"]

{[%evp 22,70,27,27,29,29,41,-16,18,2,29,-13,-11,-18,-1,-46,-18,-106,-76,-100,
-81,-156,-166,-206,-124,-143,-78,-89,-39,-41,-22,-26,-3,-29,-1,-33,-17,-18,-13,
-21,0,-16,-1,-10,-6,-6,1,-6,-3,-7,-1]} 1. d4 Nf6 2. c4 e6 3. Nc3 d5 4. cxd5
exd5 5. Bg5 Be7 6. e3 O-O (6... h6 {hat hier durchaus seine Berechtigung} 7.
Bh4 O-O 8. Bd3 b6 9. Nf3 Bb7 10. O-O c5 11. Ne5 Nc6 12. Ba6 Qc8 13. Bxb7 Qxb7
14. Bxf6 Bxf6 15. Ng4 {Kasparov,G-Beliavsky,A Moscow cqf 1983}) 7. Bd3 c6 8.
Nge2 Nbd7 {[%cal Bb8d7,Bd7f8,Bf8e6][%mdl 32]} 9. O-O Re8 10. f3 Nf8 11. Qc2 g6
12. Rad1 Ne6 13. Bh4 b5 {[%cal Bb7b5,Bb5b4][%mdl 32]} 14. h3 Bb7 15. Bf2 $11
Rc8 16. e4 b4 17. Na4 c5 18. dxc5 $6 {etwas ungenau} Qa5 $15 {[%cal Re6c5]} 19.
exd5 $6 (19. Nd4 $11 {bleibt in der Remisbreite.}) 19... Nxc5 $17 20. Nxc5 Bxc5
21. Bxc5 $2 {der Weiße ist ins Schlingern geraten} (21. Qd2 $142) 21... Rxc5 {
[%mdl 64] [#] Doppelangriff  -2.20 Weiß hat seine Stellung in wenigen Zügen
ruiniert} 22. Qb1 Rxd5 (22... Nxd5 $142 $1 23. Rf2 Ne3 24. Re1 Qb6 25. Nf4 Rce5
$19 {und Schwarz sollte gewinnen}) 23. Ng3 Rg5 (23... Rd4 $142 24. Qc2 Rc8) 24.
Ne4 Nxe4 25. Bxe4 Qb6+ 26. Kh1 Ba6 27. Bd3 {da hat der Schwarze seine Vorteile
nicht nutzen können, die Stellung ist verflacht} Bc8 28. Qc1 Rh5 29. Qf4 Be6
30. Bc4 Rf5 31. Qd4 Qxd4 32. Rxd4 Bxc4 33. Rxc4 a5 34. Rfc1 Re2 {zielt auf ...
Tg5 ab.} 35. R1c2 Rfe5 1/2-1/2

[Event "SK Neuburg 1-TV Tegernsee 1"]
[Site "?"]
[Date "2025.04.06"]
[Round "9.3"]
[White "Thiel, Fabian"]
[Black "Foerch, Benedikt"]
[Result "1/2-1/2"]
[WhiteElo "2154"]
[BlackElo "2104"]
[Annotator "Stockfish 17"]
[PlyCount "26"]
[EventDate "2025.??.??"]
[WhiteTeam "TV Tegernsee 1"]
[BlackTeam "SK Neuburg 1"]

{[%evp 17,26,30,40,4,0,0,2,4,8,-3,14]} 1. Nf3 Nf6 2. g3 d5 3. Bg2 c5 4. O-O Nc6
5. d4 e6 6. c4 dxc4 (6... Be7 7. cxd5 exd5 8. Nc3 O-O {kam in vielen Partien
vor} 9. Bg5 cxd4 10. Nxd4 h6 11. Be3 Re8 12. Rc1 Bf8 13. Nxc6 bxc6 14. Na4 Bd7
15. Bc5 Bxc5 16. Nxc5 {Kasparov,G-Illescas Cordoba,M Linares 1994}) 7. Ne5 Bd7
8. Na3 {[%cal Bb1a3,Ba3c4,Bc4e5][%mdl 32]} cxd4 9. Naxc4 Rc8 10. e3 b5 11. Nxc6
Bxc6 12. Bxc6+ Rxc6 13. Ne5 Rb6 $11 1/2-1/2

[Event "SK Neuburg 1-TV Tegernsee 1"]
[Site "?"]
[Date "2025.04.06"]
[Round "9.4"]
[White "Holl, Andreas"]
[Black "Walter, Thomas"]
[Result "1/2-1/2"]
[WhiteElo "2071"]
[BlackElo "2128"]
[Annotator "Stockfish 17"]
[PlyCount "135"]
[EventDate "2025.??.??"]
[WhiteTeam "SK Neuburg 1"]
[BlackTeam "TV Tegernsee 1"]

{[%evp 9,135,9,28,23,28,24,68,39,71,13,49,35,33,38,45,15,24,24,36,13,21,-5,-2,
-6,-5,-4,-7,-8,-9,-10,-9,-4,-3,-2,-3,-16,-4,-55,0,0,1,0,6,0,0,0,2,0,7,0,5,8,12,
9,66,5,34,0,14,0,0,0,0,0,0,0,0,0,0,0,36,0,29,28,43,26,27,31,168,168,176,167,
159,159,160,162,146,133,143,16,26,0,0,0,0,0,0,0,0,0,0,0,0,0,0,0,0,0,0,-1,-24,
-687,0,0,0,0,0,0,0,0,0,0,0,0,0,0,0,0]} 1. d4 d5 2. c4 e6 3. Nf3 Nf6 4. e3 Bb4+
5. Bd2 a5 6. Bd3 O-O 7. O-O Ne4 $6 (7... b6 $142 8. a3 (8. Nc3 Ba6 9. Qe2 Nbd7
10. Rac1 Qe7 11. a3 Bxc3 12. Bxc3 Rfd8 $11 {ist eine Variante von Stockfish})
8... Be7 9. Bc3 (9. Nc3 c5 10. cxd5 exd5 11. Ne5 Ba6 $11 {ist auch gut spielbar
}) 9... Ne4 (9... Ba6 10. Nbd2 c5 $11) 10. Qc2 $14 Bb7 11. Nbd2 {Kraidman,
Y-Kaganovski,M Holon op 1986}) 8. Nc3 (8. Bxb4 axb4 9. Qc2 Nf6 10. Nbd2 $14)
8... f5 9. Ne5 (9. a3 $5 Be7 $14) 9... Bxc3 10. bxc3 Nd7 11. Nxd7 Bxd7 12. f3
Nxd2 13. Qxd2 Qg5 14. f4 Qe7 $11 15. c5 Rfb8 16. Rab1 b6 17. cxb6 Rxb6 18. Rxb6
cxb6 19. Rb1 Rb8 20. c4 dxc4 21. Bxc4 Bc6 22. Bb5 Bd5 23. a4 h5 (23... Rc8 24.
Rc1 Rxc1+ 25. Qxc1 h6 26. Kf2 Qh4+ 27. Kg1 Qe7 $11) 24. Rc1 h4 25. h3 Rf8 26.
Bc6 Qa3 27. Rc3 Qa1+ 28. Rc1 Qa3 29. Rc3 Qb4 {[#] Droht stark ...Lxc6.} 30.
Bxd5 exd5 $11 {[%mdl 4096] Endspiel KDT-KDT} 31. Qc2 Rf6 $6 (31... Kh7 32. Qb3
Ra8 33. Kf2 g6 $11) 32. Kf2 (32. Rc8+ $14 Kh7 33. Qf2 Rh6 34. Qf3 $16) 32...
Kh7 33. Qb3 Qd6 34. Qb5 Qe6 35. Qb1 Rg6 36. Qd3 Rg3 37. Qc2 Rg6 38. Qd3 Qd7 39.
Qc2 Rd6 40. Kf3 Qe6 41. Kf2 Qg6 42. Kf1 Re6 43. Qf2 {[#]} Qf6 $2 (43... Qh5 $14
44. Qc2 Qg6 45. Qf2 $11) 44. Qf3 $1 $18 Rd6 45. Qh5+ Kg8 46. Rc8+ Rd8 47. Rxd8+
{[%mdl 64] Überlastung} Qxd8 48. Qxf5 $16 {KD-KD  Weiß hat den Vorteil
überzeugend in Materialvorteil umgewandelt} Qd6 {[#]} 49. Kf2 (49. Qc8+ $1 $16
Kf7 50. Qf5+ Kg8 51. Qc8+ Kf7 52. Ke2 $18 {war präziser}) 49... Qc6 $11 50.
Kf3 b5 51. axb5 Qxb5 52. Qc8+ Kh7 53. Qc2+ Kg8 54. Kg4 Qc4 55. Qd2 a4 {[%cal
Ba5a4,Ba4a3,Ba3a2][%mdl 32]} 56. Kxh4 a3 57. Qa5 a2 58. Kg5 Kh7 {Droht ...Dc2
und aus.} 59. Qa8 Qc2 {[#]} 60. g4 $4 {[%mdl 8192]} (60. g3 $11 Qb1 61. Qe8 Qe4
(61... a1=Q 62. Qh5+ Kg8 63. Qe8+ {mit Dauerschach}) 62. Qa4 Qg6+ 63. Kh4 Qf6+
64. Kg4 Qg6+ 65. Kh4 Qh6+ $11) 60... Qg6+ $2 (60... Qb1 $1 {gewinnt sofort} 61.
Qe8 (61. Qc8 Qg6+ 62. Kh4 a1=Q {#6}) 61... Qe4 $19) 61. Kh4 Qb1 62. Qxd5 Qe1+
63. Kg5 Qb4 {( -> ...De7+)} 64. Qf5+ (64. Qxa2 $2 Qe7+ 65. Kh5 g6#) 64... Kg8
65. Qe6+ Kh7 66. Qf5+ (66. Qxa2 $2 {führt zum Matt.} Qe7+ 67. Kh5 g6#) 66...
Kg8 67. Qe6+ Kh7 68. Qf5+ (68. Qxa2 $2 {ist ein Selbstmatt.} Qe7+ {[%mdl 64]
Doppelangriff} 69. Kh5 g6#) 1/2-1/2

[Event "SK Neuburg 1-TV Tegernsee 1"]
[Site "?"]
[Date "2025.04.06"]
[Round "9.5"]
[White "Lettl, Gerhard"]
[Black "Ebenhoech, Daniel"]
[Result "0-1"]
[WhiteElo "1941"]
[BlackElo "1978"]
[Annotator "Stockfish 17"]
[PlyCount "114"]
[EventDate "2025.??.??"]
[WhiteTeam "TV Tegernsee 1"]
[BlackTeam "SK Neuburg 1"]

{[%evp 25,114,-16,-19,-19,0,-1,9,6,5,2,23,10,99,17,82,77,127,135,159,154,175,
186,247,234,280,269,296,317,349,330,451,456,463,456,444,417,435,382,349,357,
370,378,369,356,353,353,354,358,423,426,449,440,422,368,427,330,330,324,329,
296,352,357,357,345,344,360,358,332,335,217,237,209,208,54,49,56,102,-411,-408,
-394,-394,-403,-410,-867,-837,-833,-804,-767,-769,-742,-729]} 1. e4 c5 2. c3 d5
3. exd5 Qxd5 4. d4 Nc6 5. Nf3 Bg4 6. Be2 cxd4 7. cxd4 e6 8. h3 (8. O-O Nf6 9.
Nc3 Qa5 10. h3 Bh5 11. Be3 {ist gut bekannt} Bd6 12. a3 O-O 13. Qb3 Rab8 14.
Rfd1 Nd5 {Dolmatov,s-Sakaev,K 1/2, RUS-chT Kazan 1995}) 8... Bh5 9. Nc3 Qa5 10.
O-O (10. d5 exd5 11. Nd4 Bxe2 12. Qxe2+ Be7 13. Nxc6 bxc6 14. O-O Kf8 {
Ponomariov,R-Bsabula,V Elista olm 1998}) 10... Nf6 11. Be3 (11. a3 Be7 12. b4
Qc7 13. Be3 O-O 14. Rc1 a6 15. Qb3 {Vajda,S-Zozulia,Anna EU-chJW U16 Zagan 1995
}) 11... Bd6 (11... Rd8 12. a3 Be7 13. b4 Qc7 14. Rc1 a6 $11) 12. a3 O-O 13. b4
Qd8 14. Qb3 $11 h6 15. Rfd1 Ne7 16. g4 Bg6 17. Ne5 Bh7 18. Bf3 {[#]} Rc8 $6 {
kann er Bauer b7 verschenken?} (18... Nfd5 $11) 19. Rac1 (19. Bxb7 $142 $16 Rc7
20. Bg2) 19... Rxc3 $6 20. Qxc3 $16 Ned5 21. Qe1 $16 a5 22. bxa5 Bxa3 23. Rc4
$1 Bd6 (23... b5 $142) 24. Bd2 $18 {hat Weiß nicht eine Gewinnstellung?} Re8
25. Qe2 Bc7 26. Rdc1 Qd6 27. Rc5 g5 28. Qb5 {Droht stark Lxd5.} Re7 29. Qxb7
Ne4 30. Bxe4 (30. Rxd5 $1 Qxd5 31. Qxd5 exd5 32. Bxe4 Bxe4 33. Bb4 $18 {
war etwas komplizierter, aber ein klarer Gewinnweg}) 30... Bxe4 31. f3 Bxf3 32.
Qc6 (32. Rxc7 Rxc7 33. Rxc7 Nxc7 34. Qxf3 Qxd4+ 35. Qe3 $18 {reicht leicht
für einen klaren Sieg}) 32... Be2 33. Kf2 Ba6 34. Qxd6 Bxd6 35. Rc6 {[%mdl 64]
[#] Doppelangriff} Bxe5 36. dxe5 $18 Bb5 37. Rc8+ Kg7 38. Rb1 Ba6 39. Rc6 Bb7
40. Rc5 Rd7 41. Rb2 Kg6 42. Ra2 Ba6 43. Rc6 Ra7 44. Rb2 Ra8 45. Rb3 Kg7 46. Rd6
Kg6 47. h4 {er fängt an zu künsteln und es kommt in der Folge noch viel
schlimmer} (47. Kg3 h5 48. gxh5+ Kxh5 $18 {war einfach}) 47... gxh4 48. Rh3 h5
49. Kf3 $2 {ein natülicher Zug, der jedoch nicht durchdacht ist} (49. gxh5+
$18 Kxh5 50. Rh1) 49... hxg4+ $1 $14 50. Kxg4 Ne7 51. Rb6 $2 {[%mdl 8192] noch
ein Zug, der nicht durchdacht ist} (51. Rh2 $16) 51... Be2+ $19 52. Kf4 (52.
Kxh4 $4 Nf5#) 52... Nd5+ {[%mdl 64] [#] Doppelangriff, das böse Erwachen. Und
vor allem, die weiße Partie ist verloren} 53. Ke4 {Und Tb1 würde nun
gewinnen.} Rc8 {[%cal Rc8c4]} (53... Nxb6 54. axb6 Ra4+ 55. Ke3 Ra3+ $19 {
ging auch}) 54. Be3 (54. Rb4 $142 Nxb4 55. Ke3) 54... Nc3+ 55. Kf4 Rc4+ 56. Bd4
Rxd4+ 57. Ke3 Rd3+ 0-1

[Event "SK Neuburg 1-TV Tegernsee 1"]
[Site "?"]
[Date "2025.04.06"]
[Round "9.6"]
[White "Vaccaroni, Juan Manuel"]
[Black "Dietlmeier, Tobias"]
[Result "0-1"]
[WhiteElo "1940"]
[BlackElo "1954"]
[Annotator "Stockfish 17"]
[PlyCount "76"]
[EventDate "2025.??.??"]
[WhiteTeam "SK Neuburg 1"]
[BlackTeam "TV Tegernsee 1"]

{[%evp 10,76,-29,-34,-37,-41,46,13,9,5,15,0,-2,1,3,2,-1,-1,9,11,28,-2,13,11,23,
15,14,20,24,9,8,14,25,7,13,8,7,2,3,0,26,-18,-12,-18,0,0,13,11,14,14,224,-13,-6,
-8,16,-16,-19,-20,0,-14,-19,-79,-88,-301,-213,-380,-390,-386,-361]} 1. e4 e5 2.
Nf3 Nc6 3. Nc3 Nf6 4. d4 exd4 5. Nd5 (5. Nxd4 Bb4 6. Nxc6 bxc6 7. Bd3 d5 8.
exd5 {ist eine vielgespielte Variante}) 5... Nb4 6. Nxd4 $6 {das ist leicht
nachteilig} (6. Nxf6+ Qxf6 7. a3 Nc6 8. Bd3 $11 (8. Bg5 $6 Qg6 9. Bd3 d6 $17 {
Juarez,G-van Riemsdijk,H Thessaloniki olm 1988})) 6... Nbxd5 7. exd5 c6 $6 (
7... Nxd5 $142 $15 8. c3 Nf6 $15) 8. Qe2+ Qe7 9. dxc6 dxc6 10. Bg5 Qxe2+ 11.
Bxe2 Ne4 12. Be3 Bb4+ 13. Kf1 (13. c3 Nxc3 14. a3 Nxe2+ 15. axb4 Nxd4 16. Bxd4
$11) 13... Bd7 14. c3 Be7 15. f3 Nd6 16. Kf2 O-O-O 17. a4 Rhe8 18. Rhe1 c5 19.
Nb5 a6 20. Nxd6+ Bxd6 21. g3 h5 22. Red1 Bc6 23. Bc4 Rd7 24. Rd2 h4 25. f4
hxg3+ 26. hxg3 Rh8 27. Rad1 Re7 28. Bd5 (28. Rxd6 Rh2+ 29. Kg1 Rh1+ 30. Kf2
Rh2+ 31. Kg1 Rh1+ $11) 28... Bxa4 29. b3 {[#]} Bd7 $2 (29... Rh2+ $11 {und
Schwarz muss sich keine Sorgen machen.} 30. Kf3 Rxd2 31. Rxd2 Be8) 30. Bxb7+ {
[%mdl 512]} (30. Bg2 $1 Bg4 31. Rxd6 Bxd1 32. Rxd1 $18) 30... Kxb7 $11 31. Rxd6
Bc6 {Droht stark ...Th2+.} 32. R6d3 (32. Bxc5 $5 {[%cal Rd6c6]} Rh2+ 33. Kf1
$14) 32... Rh2+ 33. Kf1 Re8 {...Lf3 ist eine echte Drohung.} 34. Bg1 Rb2 {
[%csl Gb2][%cal Rc6g2] [#]} 35. R1d2 $6 (35. Bxc5 Ree2 36. Be3 Bg2+ 37. Kg1 Bh3
38. R3d2 $11) 35... Rxb3 36. Kf2 $2 (36. c4 $17 {war erzwungen.} Rb1+ 37. Rd1)
36... c4 (36... Re4 $142 37. Re3 a5 $19) 37. Rd4 (37. Re3) 37... Rxc3 $19 {
Weiss muss nun ...Tf3+ beachten.} 38. Rb2+ Kc7 0-1

[Event "SK Neuburg 1-TV Tegernsee 1"]
[Site "?"]
[Date "2025.04.06"]
[Round "9.7"]
[White "Stoib, Marinus"]
[Black "Liesecke, Christian"]
[Result "0-1"]
[WhiteElo "1912"]
[BlackElo "1926"]
[Annotator "Stockfish 17"]
[PlyCount "118"]
[EventDate "2025.??.??"]
[WhiteTeam "TV Tegernsee 1"]
[BlackTeam "SK Neuburg 1"]

{[%evp 9,118,65,77,45,46,18,48,1,25,18,14,-15,-13,-35,-29,-32,-33,-28,-9,-37,
-34,-36,-39,-39,-12,-76,-64,-60,-53,-64,-41,-40,-41,-117,-117,-162,-157,-125,0,
-115,-27,-37,-35,-22,0,4,5,-7,-22,-19,0,-1,0,0,0,0,0,0,0,-18,0,-32,-26,-140,
-79,-271,-36,-393,-337,-426,-404,-414,-407,-465,-458,-499,-442,-457,-416,-442,
-397,-384,-268,-306,-299,-307,-313,-379,-378,-468,-468,-472,-374,-651,-491,
-479,-473,-528,-509,-624,-597,-969,-926,-928,-915,-881,-839,-977,-929,-917,
-923]} 1. Nf3 d5 2. g3 e6 3. Bg2 c6 4. O-O f5 5. d3 Nf6 6. Nbd2 Be7 7. Ne5 (7.
Qe1 O-O 8. e4 fxe4 9. dxe4 Qe8 10. e5 Nfd7 11. Nd4 Bc5 12. N2f3 {Mailfert,J P
2140 - Didner,C FRA-chT 1996}) 7... Qc7 8. f4 Bd6 9. Ndf3 Nbd7 {[%cal Rd7e5]}
10. c3 O-O 11. Kh1 b6 12. a4 a5 13. Qc2 Re8 14. b3 Bb7 15. Bd2 c5 16. Qb2 Nh5 {
[%cal Rd6e5]} 17. d4 Nhf6 18. Nxd7 Qxd7 19. Ne5 Qc7 20. b4 Ne4 21. Bxe4 $6 dxe4
$17 22. e3 $17 axb4 23. cxb4 cxd4 (23... Bxe5 $142 $17 24. dxe5 Red8) 24. Qxd4
(24. Rfc1 $11 Qb8 25. Qxd4 Bxe5 26. Qxe5 Qxe5 27. fxe5) 24... Bxe5 (24... Red8
$17 25. Rf2 Bxe5 26. Qxe5 Qxe5 27. fxe5 h6) 25. Qxe5 $11 Qxe5 26. fxe5 Rec8 27.
Rfc1 Bd5 28. Ra3 Rxc1+ 29. Bxc1 {[%mdl 4096] Endspiel KTL-KTL} g5 30. Kg1 Rc8
31. Bb2 Rc2 32. Bd4 {das Spiel ist völlig ausgeglichen} Rc1+ 33. Kf2 $1 Rc2+
34. Kf1 (34. Kg1 Rc1+ 35. Kf2 {ändert nichts}) 34... Rc1+ 35. Ke2 Rc2+ 36. Kd1
$4 (36. Ke1 $11 {bleibt in der Remisbreite.}) 36... Rxh2 $17 37. Bxb6 $2 {
sieht aus, als wäre das für Weiß sehr vorteilhaft Die Bewertung von -4.13
sagt aber etwas ganz anderes [#]} (37. a5 $17 {war erzwungen.}) 37... Rb2 $2 ({
Lieber} 37... Rg2 $19 38. a5 h5 $19) 38. Bc5 $2 {[%mdl 8192]} (38. Bd8 $1 $15)
38... h5 $1 $19 {nun kommt der Gewinnzug} 39. Be7 h4 40. gxh4 g4 {[#] ...g3
ist eine echte Drohung.} 41. Bg5 g3 42. Bf4 g2 {[%cal Rg2g1]} 43. Bh2 Rf2 44.
Rc3 Rf1+ 45. Ke2 g1=Q 46. Bxg1 Rxg1 {KTL-KT} 47. a5 Rb1 48. Rc8+ Kg7 49. Rb8
Rb2+ 50. Ke1 Bc4 51. Rb6 $2 (51. Rc8 Rxb4 52. Kf2 Ra4 53. Kg3 Bd5 $19 {ist
auch gewonnen}) 51... Re2+ {Schwarz steht klar auf Gewinn.} 52. Kd1 Rxe3 53. a6
Ra3 {[#] Droht stark ...e3.} 54. Rb7+ Kg6 {zielt auf ...e3 ab.} 55. a7 e3 56.
h5+ Kxh5 57. Rh7+ Kg4 58. Rh1 Rxa7 {( -> ...Ta1+)} 59. Kc2 Bd5 0-1

[Event "SK Neuburg 1-TV Tegernsee 1"]
[Site "?"]
[Date "2025.04.06"]
[Round "9.8"]
[White "Tuerkboylari, Bahadir"]
[Black "Lange, Fynn Jeremy"]
[Result "1-0"]
[WhiteElo "1906"]
[BlackElo "1845"]
[Annotator "Stockfish 17"]
[PlyCount "51"]
[EventDate "2025.??.??"]
[WhiteTeam "SK Neuburg 1"]
[BlackTeam "TV Tegernsee 1"]

{[%evp 14,51,22,18,26,-61,-53,-59,56,-24,57,-50,13,-6,-7,-6,-12,-25,-24,-40,90,
56,212,202,188,124,124,138,141,148,156,154,302,118,230,219,350,352,445,451]} 1.
e4 e5 2. Nf3 Nc6 3. Bc4 Bc5 4. c3 Nf6 5. d3 a6 6. Bb3 Ba7 7. Nbd2 d6 8. O-O h6
9. h3 $6 (9. Re1 $142 $11) 9... g5 $15 10. Nc4 Be6 (10... g4 $142 $15 11. hxg4
Nxg4) 11. Ne3 Ne7 (11... Rg8 $11) 12. Qc2 (12. Bxe6 $14 fxe6 13. d4) 12... Ng6
(12... Qd7 $15) 13. Bxe6 fxe6 14. d4 Qe7 15. dxe5 dxe5 16. Rd1 Rb8 $6 (16...
O-O $15 {behält die Oberhand.}) 17. Qa4+ Nd7 $2 (17... c6 $14) 18. Ng4 $18 {
[#] Txd7! ist eine echte Drohung.} c6 19. Be3 $16 (19. Qc4 $142 $18) 19... Bxe3
$16 20. Nxe3 O-O 21. Rd2 Kg7 22. Rad1 Rfd8 (22... Nc5 $16 23. Qb4 a5) 23. Qc2
$2 (23. Qa5 $18 {bietet bessere Gewinnchancen.}) 23... b5 (23... Nf6 $16 {
war nötig.}) 24. Rd6 Rbc8 (24... Nc5 $142 25. Rxc6 Rbc8 26. Rxc8 Rxc8) 25. Qd2
$18 Ngf8 {[#]} 26. Nxe5 $1 {[%mdl 512]} 1-0

[Event "SK Landau-Dingolfing 1-SV Roehrnbach 1"]
[Site "?"]
[Date "2025.04.06"]
[Round "9.1"]
[White "Fuchs, Florian"]
[Black "Albrecht, Manuel"]
[Result "1-0"]
[WhiteElo "2121"]
[BlackElo "1928"]
[Annotator "Stockfish 17"]
[PlyCount "107"]
[EventDate "2025.??.??"]
[WhiteTeam "SV Röhrnbach 1"]
[BlackTeam "SK Landau-Dingolfing 1"]

{[%evp 14,107,21,22,29,11,28,29,28,30,27,30,29,24,25,25,26,27,31,27,30,32,30,
29,30,31,32,34,31,33,57,50,48,48,44,46,144,146,242,154,261,266,357,366,378,340,
335,313,454,454,562,556,582,566,568,564,552,535,587,595,586,579,576,576,578,
573,573,561,560,552,573,568,564,568,557,548,559,567,745,728,774,773,3163,5279,
5906,3652,5235,1079,7773,5390,29981,29983,29984,29985,29985,29986]} 1. e4 e5 2.
Nf3 Nc6 3. Bc4 Nf6 4. Ng5 d5 5. exd5 Na5 6. Bb5+ c6 7. dxc6 bxc6 8. Bd3 Ng4 (
8... Nd5 9. Nf3 Bd6 10. O-O Nf4 (10... f5 $6 11. Re1 $2 (11. Nxe5 O-O (11...
Bxe5 $2 12. Re1 Qd6 13. Qe2 $18) 12. Nf3 $14) 11... e4 12. Bf1 O-O 13. Nd4 Qc7
14. g3 f4 15. gxf4 Bxf4 {Barabas,T-Csuri,L 0-1 corr ch HUN 1996}) 11. Re1 Qc7
$2 (11... Nxd3 12. cxd3 O-O $11) 12. Bf1 O-O 13. d3 Ng6 14. Nc3 $16 {Hanauer,M
L - Reinfeld,F Ventnor City 1939}) 9. Ne4 (9. Nf3 f5 10. h3 e4 11. hxg4 exd3
12. cxd3 fxg4 13. Qe2+ Be7 14. Ng5 $19 {Bird,H E - Lasker,Em Newcastle on Tyne
1892}) 9... f5 {[#]} 10. Be2 $1 h5 $1 {[#]Weiß hat minimalen Vorteil.} 11. h3
$1 fxe4 12. hxg4 Bc5 13. b4 ({Vergiftet wäre} 13. Rxh5 $2 Rxh5 14. Bf1 Rh1 $19
) (13. gxh5 O-O $17) 13... Qd4 {[%csl Gc5][%cal Rd4f2]} (13... Bxb4 14. Nc3 Qd4
15. gxh5 Bc5 16. O-O O-O 17. Qe1 $14) 14. bxc5 O-O {[%csl Gf8][%cal Rd4f2] [#]}
15. O-O {zielt auf c3 ab.} Qxa1 {[%mdl 64] Doppelangriff} 16. Nc3 e3 $1 {
[%cal Re3f2] ...exf2+ ist eine echte Drohung.} 17. gxh5 exf2+ 18. Rxf2 Rxf2 19.
Kxf2 Be6 20. Ba3 Qxd1 21. Bxd1 Nc4 22. Bc1 $14 Rf8+ 23. Ke1 e4 24. Nxe4 Ne5 $2
(24... Bd5 $14) 25. d4 $16 Nd7 $2 (25... Nf7 $16 {war nötig.}) 26. Bf3 (26.
Nd6 Bd5 27. g4 $18 {ist auch sehr gut}) 26... Bd5 (26... Bxa2 $16 {ist wohl
besser.} 27. Nc3 Bc4 28. Bxc6 Rf1+ 29. Kd2 Rf2+ 30. Ke3 Rxc2) 27. Kd2 $18 Nf6
$2 28. Nxf6+ {[%mdl 64] Abzugsangriff} Rxf6 29. Bxd5+ cxd5 {[%mdl 4096]
Endspiel KT-KL} 30. c4 $1 Kf7 (30... dxc4 $142 31. Kc3 Kf7) 31. cxd5 Rf5 32. c6
{Und c7 würde nun gewinnen.} Ke8 33. d6 Rd5 34. Ba3 Rxd4+ 35. Kc3 Ra4 36. d7+
Kd8 37. Bf8 Rg4 38. Bc5 (38. Bb4 Rg3+ 39. Kc4 Rg5 40. Bd2 Re5 41. Kd4 Rxh5 42.
g4 Rh8 43. Kd5 Rf8 44. Ba5+ Ke7 45. Bb4+ {#8}) 38... Ra4 {beabsichtigt ...Ta6.}
39. Bd4 (39. Be3 Ra5 40. Kc4 Kc7 41. Bf4+ Kd8 42. Bd2 Ra4+ 43. Kd5 {#9}) 39...
Ra6 40. Bxg7 {Weiss droht Lf6+ und Matt.} Rxc6+ 41. Kd3 Rc1 42. h6 Rh1 43. g4
$1 Kxd7 44. g5 Ke6 45. g6 Kf5 46. h7 Kxg6 47. h8=Q Rxh8 48. Bxh8 {KL-KB} Kf5
49. Kd4 {jetzt Kc5 und aus.} Ke6 50. Kc5 Kd7 {[#]} 51. Be5 $1 {[%cal Re5h2]} a5
{[#]} 52. a4 $1 {Weiß setzt Matt.} Kc8 53. Kc6 Kd8 54. Kb7 1-0

[Event "SK Landau-Dingolfing 1-SV Roehrnbach 1"]
[Site "?"]
[Date "2025.04.06"]
[Round "9.2"]
[White "Popp, Michael"]
[Black "Knechtel, Roland"]
[Result "0-1"]
[WhiteElo "1973"]
[BlackElo "2146"]
[Annotator "Stockfish 17"]
[PlyCount "102"]
[EventDate "2025.??.??"]
[WhiteTeam "SK Landau-Dingolfing 1"]
[BlackTeam "SV Röhrnbach 1"]

{[%evp 23,102,16,22,19,16,-34,24,-38,50,-132,88,-128,-124,-199,-97,-103,-96,
-149,-148,-194,-198,-244,-235,-230,-246,-264,-263,-268,-228,-288,-283,-292,
-251,-322,-296,-315,-291,-394,-383,-361,-214,-169,-149,-381,-376,-443,-437,
-495,-482,-482,-477,-474,-471,-469,-477,-487,-434,-549,-546,-538,-548,-546,
-534,-531,-535,-538,-535,-518,-505,-585,-581,-577,-576,-571,-565,-557,-548,
-546,-538,-607,-587]} 1. c4 c5 2. g3 e6 3. Bg2 Qc7 4. Nf3 (4. Nc3 a6 5. Nf3 b6
$6 6. b3 (6. d4 $1 cxd4 7. Bf4 $16) 6... Bb7 7. Bb2 Nf6 8. O-O d6 {Voiska,
Margarita-Kouwenhoven,Marisca BL w 1996}) 4... b6 5. Nc3 a6 6. O-O Bb7 7. e4 d6
8. b3 (8. d4 $1) 8... Nf6 9. Re1 Nbd7 10. Bb2 (10. d4 $1) 10... Be7 11. d4 cxd4
12. Nxd4 O-O 13. h3 Rfe8 14. g4 Nf8 {[%cal Bd7f8,Bf8g6,Bg6f4][%mdl 32]} 15. f4
Rad8 (15... h6 $5 $15) 16. Rc1 $2 {[#]} (16. g5 $14 {bleibt weiter vorne.})
16... Qb8 $2 (16... d5 $1 $17 {bleibt auf Kurs. Und weiter mit ...dxe4 wäre
nett.} 17. e5 dxc4 18. Bxb7 (18. exf6 Rxd4 19. fxe7 Rxd1 $17) 18... Qxb7) 17.
Qe2 $2 (17. g5 $16 {hält den Druck.}) 17... Ng6 $17 18. Qe3 $2 {[#]} (18. Rf1
$17 e5 19. Nf5) 18... e5 $17 (18... d5 $1 $19 {und Schwarz behält klar die
Oberhand.} 19. e5 Bc5) 19. Nf5 Nxf4 20. Rcd1 Bf8 21. Kh1 b5 22. Nd5 Bxd5 23.
cxd5 g6 24. g5 {[#]} N6xd5 {[%mdl 512]} 25. exd5 {Sg3 ist eine echte Drohung.}
(25. Rxd5 Nxd5) 25... gxf5 26. Rc1 Rc8 27. Rc6 Re7 28. Qc3 Rec7 29. Rf1 {
zielt auf Txf4! ab.} b4 30. Qc4 {Droht Txf4.} Rxc6 31. dxc6 {Und Txf4 würde
nun gewinnen.} Qb6 (31... Nxg2 $142 32. Kxg2 Qb6) 32. Rxf4 exf4 33. Bd5 (33.
Bd4 $17 Qb5 34. Qxb5 axb5 35. h4) 33... Bg7 $1 $19 34. Bxg7 Kxg7 {Schwarz
steht klar auf Gewinn.} 35. Qxf4 Rxc6 36. Bxc6 Qxc6+ {[%mdl 4096] Endspiel
KD-KD} 37. Kg1 Qc5+ 38. Kg2 Qd5+ 39. Kf1 Qd3+ 40. Kg1 Qb1+ 41. Kg2 Qxa2+ (41...
Qe4+ 42. Qf3 Kg6 {macht auch alles klar}) 42. Kg1 Qb1+ 43. Kf2 Qc2+ 44. Kg1
Qc5+ 45. Kf1 a5 46. Qh4 Qc1+ 47. Kg2 Qd2+ 48. Kf1 Qc1+ 49. Ke2 Qb2+ 50. Kf1 Qe5
51. Kf2 f4 0-1